Requiem por un campesino español
Uloženo v:
| Hlavní autor: | |
|---|---|
| Médium: | Kniha |
| Jazyk: | španělština |
| Vydáno: |
Barcelona
Eds. Destino
1984
|
| Vydání: | 11a. ed |
| Edice: | Destinolibro, 15
|
| Témata: | |
| Tagy: |
Přidat tag
Žádné tagy, Buďte první, kdo vytvoří štítek k tomuto záznamu!
|
MARC
| LEADER | 00000nam a2200000 a 4500 | ||
|---|---|---|---|
| 001 | UCX8656 | ||
| 003 | CL-VaPUC | ||
| 008 | 940418e19840000SP |||||||||||||||||spa|d | ||
| 082 | 0 | 4 | |a 863 |b SEN |2 21 |
| 100 | 0 | |a Sender, Ramón José |e author |9 314538 | |
| 245 | 1 | 0 | |a Requiem por un campesino español |
| 250 | |a 11a. ed | ||
| 300 | |a 104 p | ||
| 942 | |c BK | ||
| 945 | |d 19940418 00:00:00 |a rbrito | ||
| 260 | |a Barcelona |b Eds. Destino |c 1984 | ||
| 650 | 0 | |a Novelas españolas |9 265052 | |
| 583 | |a last modification |c 19940418 00:00:00 |k Rodrigo Vera | ||
| 490 | 0 | |a Destinolibro, 15 | |
| 999 | |c 228096 |d 228094 | ||
| 952 | |0 0 |1 0 |4 0 |6 863_000000000000000_SEN_1984 |7 0 |8 R |9 227707 |a BIBEDU |b BIBEDU |c MCIRC |d 2019-11-15 |i 2968649 |o 863 SEN 1984 |p 2968649 |r 2023-01-13 |w 2019-11-15 |y BK_R |k LIT | ||